| 000 | 00432nam a2200169 a 4500 | ||
|---|---|---|---|
| 001 | 3711 | ||
| 003 | CDMR | ||
| 005 | 20130116135248.0 | ||
| 008 | 130130s1984||||||||||||||||||||||||||||d | ||
| 040 |
_aCDMR _bcat _cCDMR |
||
| 100 | 1 |
_aCalders, Pere _9553 |
|
| 245 | 1 | 0 |
_aUnitats de xoc _cPere Calders |
| 260 |
_aBarcelona _c1984 _bOrbis |
||
| 300 |
_a171 p ; _c20 cm |
||
| 490 | 0 |
_aHistòria de la literatura catalana _v1 _91334 |
|
| 942 | _cMON | ||
| 999 |
_c3711 _d3711 |
||